00876cam a22002411a 4500001001300000003000400013005001700017008004100034010001700075035002000092040001800112042001200130050001600142100002900158245006300187260004900250300002900299440003200328504002800360500014300388500006700531600003600598ca 24000728 DLC20260227111113.0840224s1924 ksu 000 0 eng  aca 24000728  a(OCoLC)10455371 aDLCcKPTdDLC apremarc00aPT9815b.M61 aMoritzen, Julius,d1863-10aAugust Strindberg, the literary enigma /cJulius Moritzen. aGirard, Kan. :bHaldeman-Julius Co.,cc1924. a96 p. :bport. ;c13 cm. 0aLittle blue book ;vno. 503 aBibliography: p. 94-96. aPublished 4 January 1924; copies deposited at Library of Congress 1 March 1924. Advertised 19 January 1924, Haldeman-Julius Weekly, p. 1. aLater printings lack three advertisements on outer back cover.10aStrindberg, August,d1849-1912.